[Event "Bratto op-B 34th"]
[Site "Bratto"]
[Date "2014.08.29"]
[Round "7"]
[White "Dubois, Martine"]
[Black "Romagnoli, Thomas"]
[Result "1-0"]
[WhiteElo "2003"]
[BlackElo "1708"]
[PlyCount "87"]
[EventDate "2014.08.23"]
[EventType "swiss"]
[EventRounds "8"]
[EventCountry "ITA"]
[SourceTitle "EXT 2017"]
[Source "ChessBase"]
[SourceDate "2016.10.25"]
[SourceVersion "1"]
[SourceVersionDate "2016.10.25"]
[SourceQuality "1"]

1. e4 e5 2. Nf3 Nc6 3. Nc3 Nf6 4. g3 Bc5 5. Bg2 d6 6. d3 h6 7. Na4 Bb6 8. Nxb6 axb6 9. h3 Be6 10. Be3 d5 11. exd5 Nxd5 12. 0-0 Qd7 13. Kh2 0-0 14. a3 f5 15. Qe2 Rad8 16. Ng1 Bf7 17. Rae1 Qd6 18. Qd1 Nxe3 19. fxe3 Qc5 20. Rxf5 Bg6 21. b4 Qc3 22. Rxf8+ Rxf8 23. Qc1 e4 24. Ne2 Qe5 25. Nf4 Bh7 26. Rf1 g5 27. Nh5 exd3 28. Rxf8+ Kxf8 29. Qf1+ Ke7 30. cxd3 Qf5 31. d4 Qxf1 32. Bxf1 Bg6 33. g4 Bxh5 34. gxh5 Kf6 35. Kg3 Kf5 36. Kf3 Nd8 37. Bd3+ Ke6 38. Bc4+ Kf5 39. e4+ Kf6 40. e5+ Kf5 41. Bd3+ Ke6 42. Ke4 Kf7 43. d5 Kg7 44. Kf5 1-0

[Event "Bratto op-B 34th"]
[Site "Bratto"]
[Date "2014.08.25"]
[Round "3"]
[White "Iasman, Inna"]
[Black "Romagnoli, Thomas"]
[Result "1/2-1/2"]
[WhiteElo "1945"]
[BlackElo "1708"]
[PlyCount "85"]
[EventDate "2014.08.23"]
[EventType "swiss"]
[EventRounds "8"]
[EventCountry "ITA"]
[SourceTitle "EXT 2017"]
[Source "ChessBase"]
[SourceDate "2016.10.25"]
[SourceVersion "1"]
[SourceVersionDate "2016.10.25"]
[SourceQuality "1"]

1. d4 Nf6 2. c4 e6 3. Nf3 c5 4. d5 d6 5. Nc3 exd5 6. cxd5 a6 7. a4 Bg4 8. e4 Nbd7 9. Be2 g6 10. 0-0 Bg7 11. Bf4 Qe7 12. Nd2 Bxe2 13. Qxe2 Nh5 14. Be3 0-0 15. f4 Rfe8 16. g4 Bxc3 17. bxc3 Nhf6 18. Rae1 Nxe4 19. Bf2 f5 20. g5 Qf7 21. Qd3 Nxd2 22. Qxd2 Nb6 23. a5 Qxd5 24. Qxd5+ Nxd5 25. Rd1 Nxf4 26. Rxd6 Nh3+ 27. Kg2 Nxg5 28. Bxc5 Ne4 29. Rd5 Nxc5 30. Rxc5 Rac8 31. Rd5 Rxc3 32. Rd7 Re2+ 33. Kg1 Rcc2 34. Rfd1 Rg2+ 35. Kh1 Rxh2+ 36. Kg1 Rhe2 37. Rxb7 Re8 38. Kf1 Rc6 39. Rdd7 Rf6 40. Rg7+ Kf8 41. Rxh7 Kg8 42. Rbg7+ Kf8 43. Ra7 1/2-1/2

[Event "Bratto op-B 34th"]
[Site "Bratto"]
[Date "2014.08.23"]
[Round "1"]
[White "Guerini, Silvia"]
[Black "Romagnoli, Thomas"]
[Result "0-1"]
[WhiteElo "1858"]
[BlackElo "1708"]
[PlyCount "78"]
[EventDate "2014.08.23"]
[EventType "swiss"]
[EventRounds "8"]
[EventCountry "ITA"]
[SourceTitle "EXT 2017"]
[Source "ChessBase"]
[SourceDate "2016.10.25"]
[SourceVersion "1"]
[SourceVersionDate "2016.10.25"]
[SourceQuality "1"]

1. e4 e5 2. Nf3 Nc6 3. d4 exd4 4. Bc4 Nf6 5. 0-0 d6 6. Nxd4 Be7 7. Nc3 0-0 8. f3 Re8 9. Kh1 Nxd4 10. Qxd4 Be6 11. Be2 Nd7 12. Qf2 Bf6 13. Bd2 Ne5 14. Nd5 Bxd5 15. exd5 Nd7 16. Rab1 Nb6 17. c4 Na4 18. Bc1 Re7 19. Bd3 Nc5 20. Bf5 Qe8 21. b4 Nd7 22. Bxd7 Qxd7 23. Bf4 Qf5 24. Qd2 Rae8 25. Rbe1 h6 26. Bg3 Bg5 27. Qf2 b6 28. Rxe7 Rxe7 29. Re1 Qd3 30. Rxe7 Bxe7 31. Qe1 Qxc4 32. h3 Kf8 33. Qd2 Bf6 34. a3 Bd4 35. Bh4 b5 36. f4 f6 37. Qd1 Be3 38. Qg4 Qf1+ 39. Kh2 Bg1+ 0-1